Map Zoom Quiz - Statistics

General Stats
  • This quiz has been taken 25 times
  • The average score is 10 of 15
Answer Stats
Picture Hint Answer % Correct
Which Planet is this? Earth
100%
Which Galaxy is this? Milky Way
96%
Which Continent is this? North America
96%
Which Star System is this? Solar
96%
Which Country is this? United States of America
96%
Which Hemisphere is this? Western
91%
Which City is this? Chicago
87%
Which State is this? Illinois
87%
Which Region is this? The Midwest
83%
Which Famous Sculpture is this? Cloud Gate|The Bean
57%
Which County is this? Cook
48%
Which Galaxy Supercluster is this? Virgo
30%
Which Park is this? Grant Park
26%
Which Park within the previous park is this? Millennium Park
17%
Which Community Area is this? The Loop
9%
No matching quizzes found
Score Distribution
Percent of People with Each Score
Percentile by Number Answered
Your Score History
You have not taken this quiz